000 00436nam a22001577a 4500
003 MPLRDC
005 20220104164658.0
008 210129b ||||| |||| 00| 0 eng d
082 _a524.9692 BPP 1995
100 _a不详
245 _aCIMA STUDY TEXT STAGE 3 ORGANISATIONAL MANAGEMENT AND DEVELOPMENT M12
_c
260 _a
_bSYSTEMATIC BUSINESS TRAINING CENTRE
_c1995
300 _b
650 _a
942 _cBK
_o524.9692 BPP 1995
999 _c57093
_d57083